Movies Quiz

Random Movies or Nominee Quiz

Click the One-Time Oscar Nominees Quiz Stats

 Plays Quiz not verified by Sporcle

Score 0/20 Timer 05:00
0 Plays Today
% Correct
Eddie Murphy
97.5%
Mark Wahlberg
96.1%
Michael Douglas*
96.1%
Bill Murray
95.8%
Sean Connery*
95.4%
Stanley Tucci
94.9%
Burt Reynolds
94.7%
Uma Thurman
94.2%
Lionel Barrymore*
91.6%
Hailee Steinfeld
91.4%
% Correct
Lily Tomlin
91%
Steve McQueen
90.8%
Angela Bassett
89.2%
Patricia Arquette*
88.2%
Melanie Griffith
87.6%
Marlene Dietrich
86.9%
Lauren Bacall
86.8%
Imelda Staunton
85.4%
Mary Steenburgen*
85.2%
Rita Moreno*
82.3%

You're not logged in!

Compare scores with friends on all Sporcle quizzes.
OR
Log In

You Might Also Like...

Show Comments

Extras

Top Quizzes Today


Score Distribution

Your Account Isn't Verified!

In order to create a playlist on Sporcle, you need to verify the email address you used during registration. Go to your Sporcle Settings to finish the process.

Report this User

Report this user for behavior that violates our Community Guidelines.

Details: